000 00610nam a2200157 a 4500
008 201117s2011 xx |||||||||||||| || u
020 _a9780821852880
050 _aQC 174.17 .R46 Cos
100 _aCostello Kevin
245 1 0 _aRenormalization and effective field theory
260 _a
_bAmerican Mathematical Society
_c2011
300 _avii, 251 pages : illustrations
650 0 _aQUANTUM FIELD THEORY
650 0 _aRENORMALIZATION (PHYSICS)
995 _aFICTION Collection
_D114.45
_e905212
_FCBU-SCHOOL OF MEDICINE LIBRARY (Ndola)
_jQC 174.17 .R46 Cos
_M1
_UAVAILABLE
_WNov 19, 2020
_y905212
_ZFiction Collection
999 _c32602
_d32602